Polskie przedsiębiorstwa - Statystyki

Ogólne statystyki
  • Ten quiz został rozwiązany 34 razy
  • Średni wynik to 5 z 12
Statystyki odpowiedzi
Wskazówka Odpowiedź % Poprawnych
Koncern paliwowy Orlen
100%
Jako pierwsze zastosowało paczkomaty Inpost
77%
Sieć niewielkich sklepów Żabka
63%
Największy polski producent sprzętu AGD Amica
47%
Sklepy z meblami Black Red White
43%
Producent napojów Tymbark
33%
Największa marka odzieży w Polsce 4F
30%
Przedsiębiorstwo energetyczne dominujące na zachodzie Polski Enea
27%
Największa firma budowlana w Polsce Budimex
23%
Producent pojazdów szynowych Pesa Bydgoszcz
23%
Producent gier komputerowych np. Dying Light Techland
17%
Polski fast food North Fish
3%
Nie znaleziono quizów pasujących do podanych kryteriów
Rozkład punktacji
Procent ludzi z każdym wynikiem
Percentyl według liczby udzielonych odpowiedzi
Twoja historia wyników
Nie rozwiązałeś tego quizu